| 000 | 00359nam a2200157Ia 4500 | ||
|---|---|---|---|
| 100 | _aLee/Thomas H | ||
| 650 | _aCMOS | ||
| 942 | _cBK | ||
| 366 | _f25 | ||
| 654 | _aCMOS | ||
| 245 | _aDesign of CMOS Radio frequency Integrated circuits | ||
| 260 |
_bCambridge University Press _c1998 |
||
| 082 |
_a621.384 _bLEE |
||
| 300 | _a797 | ||
| 546 |
_aENGLISH _cTTL |
||
| 999 |
_c22474 _d22474 |
||